000 00595nam a2200217Ia 4500
005 20241129115658.0
008 241129s9999||||xx |||||||||||||| ||und||
020 _a9780323897754
037 _aTB
040 _aSDCL
_beng
_cSDCL
041 _aeng
_2eng
084 _aD6,8(2),9(G) R2-R2;1
_qSDCL
100 _aSingh D.B.
_9728063
245 0 _aBioinformatics : Methods and applications
260 _aLondon
_bAcademic Press
_c2022
300 _axxi,488p.
365 _aUSD
_b150
650 _aBiophysics
942 _cTB
_hD6,8(2),9(G) R2-R2;1
999 _c1231531
_d1231531